[Event "Maikop University"]
[Site "Maikop"]
[Date "1998.06.03"]
[Round "3"]
[White "Nikitin Andrey"]
[Black "Arkhipov Sergey"]
[Result "1/2-1/2"]
[WhiteElo "2410"]
[BlackElo "2355"]
[PlyCount "82"]
[EventDate "1998.06.01"]

1. d4 Nf6 2. c4 g6 3. Nc3 Bg7 4. e4 d6 5. Be2 O-O 6. Nf3 c5 7. O-O cxd4 8. Nxd4
Nc6 9. Nc2 Nd7 10. Qd2 Nc5 11. f3 a6 12. Rb1 Be6 13. Kh1 Rc8 14. Nd5 f5 15. b4
Na4 16. Ba3 fxe4 17. fxe4 Ne5 18. Rxf8+ Bxf8 19. Nd4 Bf7 20. Rc1 a5 21. bxa5
Nc5 22. Nb6 Rb8 23. Qe3 e6 24. Rd1 Qh4 25. Bxc5 dxc5 26. Nf3 Ng4 27. Nxh4 Nxe3
28. Rd3 Nc2 29. Nf3 Nb4 30. Rd7 Be8 31. Rc7 Bd6 32. Rc8 Rxc8 33. Nxc8 Bc7 34.
e5 Nxa2 35. Nd6 Bc6 36. Ng5 Nc1 37. Bg4 Nd3 38. Bxe6+ Kg7 39. Bc8 Bxa5 40. Ne6+
Kg8 41. Nxb7 Bb4 1/2-1/2

[Event "Maikop University"]
[Site "Maikop"]
[Date "1998.06.03"]
[Round "3"]
[White "Filippov Valerij"]
[Black "Notkin Maksim"]
[Result "1-0"]
[WhiteElo "2595"]
[BlackElo "2505"]
[PlyCount "65"]
[EventDate "1998.06.01"]

1. Nf3 Nf6 2. c4 c5 3. Nc3 Nc6 4. d4 cxd4 5. Nxd4 e6 6. g3 Qb6 7. Nb3 Ne5 8. e4
Bb4 9. Qe2 d6 10. Bd2 O-O 11. O-O-O Nc6 12. Bg2 a5 13. Be3 Qc7 14. Nb5 Qe7 15.
a3 a4 16. N3d4 Bc5 17. Nxc6 Bxe3+ 18. Qxe3 bxc6 19. Nxd6 e5 20. Rd2 Rb8 21.
Rhd1 Qc7 22. h3 Rb3 23. Qg5 Qa5 24. f4 Be6 25. Nf5 Bxf5 26. Qxf5 Rfb8 27. Qxe5
Qxe5 28. fxe5 Ne8 29. g4 Kf8 30. e6 fxe6 31. e5 c5 32. Bc6 R3b6 33. Bxa4 1-0

[Event "Maikop University"]
[Site "Maikop"]
[Date "1998.06.03"]
[Round "3"]
[White "Vorobiov Evgeny E"]
[Black "Pigusov Evgeny"]
[Result "1-0"]
[WhiteElo "2475"]
[BlackElo "2575"]
[PlyCount "113"]
[EventDate "1998.06.01"]

1. e4 c5 2. Nf3 d6 3. d4 cxd4 4. Nxd4 Nf6 5. Nc3 a6 6. f3 e5 7. Nb3 Be6 8. Be3
Nbd7 9. Qd2 Be7 10. g4 h6 11. h4 b5 12. O-O-O Nb6 13. Qf2 Nfd7 14. Kb1 Qc7 15.
Nd5 Bxd5 16. exd5 Nc4 17. f4 Nf6 18. Rg1 Rc8 19. Bxc4 bxc4 20. Nc1 Rb8 21. Ne2
Nxd5 22. Ba7 Rb5 23. a4 Rb7 24. Rxd5 Rxa7 25. Nc3 Rb7 26. fxe5 dxe5 27. Kc1 O-O
28. g5 h5 29. Ne4 Qb6 30. Qxb6 Rxb6 31. Rd7 Re6 32. Rc7 Rd8 33. Rxc4 Rd4 34.
Rxd4 exd4 35. Nf6+ Bxf6 36. gxf6 Rxf6 37. Kd2 Rf4 38. b4 Rxh4 39. b5 axb5 40.
axb5 Re4 41. Re1 Rf4 42. b6 d3 43. b7 Rb4 44. Re8+ Kh7 45. b8=Q Rxb8 46. Rxb8
dxc2 47. Kxc2 Kg6 48. Kd3 Kf5 49. Rb5+ Kg4 50. Rb7 h4 51. Ke2 g5 52. Rxf7 Kg3
53. Kf1 Kh2 54. Rf2+ Kh1 55. Rg2 h3 56. Rg1+ Kh2 57. Kf2 1-0

[Event "Maikop University"]
[Site "Maikop"]
[Date "1998.06.03"]
[Round "3"]
[White "Prokopchuk Evgeny"]
[Black "Vlassov Nikolai"]
[Result "1/2-1/2"]
[WhiteElo "2500"]
[BlackElo "2440"]
[PlyCount "161"]
[EventDate "1998.06.01"]

1. d4 Nf6 2. c4 Nc6 3. Nf3 e6 4. Nc3 Bb4 5. Qc2 d6 6. a3 Bxc3+ 7. Qxc3 a5 8. b3
Qe7 9. Bb2 O-O 10. e3 Re8 11. Be2 e5 12. d5 Nb8 13. Nd2 Nbd7 14. e4 Nc5 15. Qc2
Bd7 16. O-O Rf8 17. b4 Na4 18. Bc1 Ne8 19. Nb3 axb4 20. axb4 f5 21. Na5 b5 22.
cxb5 Nb6 23. f3 fxe4 24. fxe4 Rxf1+ 25. Bxf1 Qh4 26. g3 Qg4 27. Be3 h5 28. Re1
h4 29. Bf2 Kh7 30. Re3 Qg6 31. Rc3 Nc8 32. Rxc7 hxg3 33. hxg3 Nxc7 34. Qxc7 Bg4
35. Qb7 Bf3 36. Qxa8 Qh6 37. Ba7 Ne7 38. Qf8 Qh1+ 39. Kf2 Bxe4 40. Ke1 Nf5 41.
Nc4 Qf3 42. Nd2 Qc3 43. Qf7 Nh6 44. Qh5 Bg6 45. Qd1 Bc2 46. Qf3 Qa1+ 47. Kf2
Qxa7+ 48. Kg2 Qd4 49. Nb3 Qb2 50. Nd2 Bg6 51. Qe2 Qd4 52. Nf3 Qxd5 53. Qc4 Be4
54. Qxd5 Bxd5 55. b6 Bb7 56. Kf2 Ng4+ 57. Ke2 Nf6 58. Nd2 Nd7 59. Ke3 Nxb6 60.
b5 Kg6 61. Kd3 Kf6 62. Kc3 Ke7 63. Kb4 Kd8 64. Bh3 Kc7 65. Be6 d5 66. Kc5 Na4+
67. Kb4 Nb2 68. Ka5 e4 69. Nb3 Kd6 70. Bg4 Nc4+ 71. Kb4 Ne5 72. Be2 Nf3 73. Na5
Bc8 74. b6 Nd4 75. b7 Bxb7 76. Nxb7+ Kc7 77. Bg4 Kxb7 78. Kc5 Nc2 79. Kxd5 Ne3+
80. Kxe4 Nxg4 81. Kf5 1/2-1/2

[Event "Maikop University"]
[Site "Maikop"]
[Date "1998.06.03"]
[Round "3"]
[White "Gagarin Vasilij"]
[Black "Khasin Alexander"]
[Result "0-1"]
[WhiteElo "2415"]
[BlackElo "2495"]
[PlyCount "84"]
[EventDate "1998.06.01"]

1. d4 Nf6 2. c4 e6 3. Nf3 Bb4+ 4. Bd2 Qe7 5. g3 Nc6 6. Nc3 Bxc3 7. Bxc3 Ne4 8.
Qc2 Nxc3 9. Qxc3 O-O 10. Bg2 d6 11. d5 Nd8 12. O-O e5 13. e4 c5 14. a3 f6 15.
b4 Nf7 16. Ne1 b6 17. Nd3 f5 18. f4 fxe4 19. Bxe4 Bh3 20. Rf2 exf4 21. Re1 Qd7
22. Nxf4 Ne5 23. bxc5 bxc5 24. Qc2 g6 25. Bg2 Bxg2 26. Kxg2 Qf5 27. Qxf5 Rxf5
28. Rc2 Rb8 29. Re3 a5 30. Ne6 a4 31. Nc7 h5 32. h3 Rb3 33. Rec3 Nd3 34. Kg1
Rf3 35. Nb5 Rxg3+ 36. Kh2 h4 37. Nxd6 Ne1 38. Ne4 Nxc2 39. Rxc2 Rxh3+ 40. Kg2
Rxa3 41. Nxc5 Rag3+ 42. Kf2 Rh1 0-1

[Event "Maikop University"]
[Site "Maikop"]
[Date "1998.06.03"]
[Round "3"]
[White "Drozdov Igor"]
[Black "Saulin Dmitri"]
[Result "1-0"]
[WhiteElo "2440"]
[BlackElo "2375"]
[PlyCount "77"]
[EventDate "1998.06.01"]

1. e4 c5 2. Nf3 d6 3. d4 cxd4 4. Nxd4 Nf6 5. Nc3 a6 6. a4 e6 7. Be2 Be7 8. O-O
O-O 9. f4 Qc7 10. Kh1 Nc6 11. Be3 Re8 12. Bd3 Nb4 13. a5 Bd7 14. Qf3 e5 15.
fxe5 dxe5 16. Nf5 Bxf5 17. Qxf5 Rac8 18. Nd5 Nbxd5 19. exd5 e4 20. Bb6 Qb8 21.
Bxe4 Bc5 22. Bxc5 Rxc5 23. Bf3 Qc7 24. b4 Rb5 25. Rab1 Qc4 26. c3 Qxc3 27. Qf4
Qe3 28. Qc7 Qe7 29. d6 Qd7 30. Rfc1 h5 31. h3 Rd8 32. Qxd7 Rxd7 33. Rc8+ Kh7
34. Rc7 Kg6 35. Rc5 h4 36. Be2 Rxc5 37. bxc5 Kg5 38. Bf3 Nh5 39. Bxb7 1-0

[Event "Maikop University"]
[Site "Maikop"]
[Date "1998.06.03"]
[Round "3"]
[White "Dyachkov Sergej"]
[Black "Zakharevich Igor"]
[Result "0-1"]
[WhiteElo "2510"]
[BlackElo "2530"]
[PlyCount "108"]
[EventDate "1998.06.01"]

1. d4 Nf6 2. c4 g6 3. Nc3 Bg7 4. e4 d6 5. f3 c6 6. Be3 O-O 7. Qd2 e5 8. Nge2
Nbd7 9. O-O-O a6 10. g4 b5 11. d5 cxd5 12. Nxd5 Nxd5 13. cxd5 Nb6 14. Ng3 Bd7
15. Kb1 Rc8 16. h4 Na4 17. h5 b4 18. hxg6 Nc3+ 19. Ka1 Nxa2 20. gxh7+ Kh8 21.
Kxa2 Qa5+ 22. Kb1 Ba4 23. Bb6 Qxb6 24. Rc1 Bb3 25. Bc4 Rxc4 26. Rxc4 Qa5 27.
Qxb4 Qa2+ 28. Kc1 Bxc4 29. Kd2 Qb3 30. Qxb3 Bxb3 31. Nf5 Rd8 32. Nxg7 Kxg7 33.
g5 Bc4 34. Rh6 Bb5 35. Ke3 Rh8 36. Rxd6 Rxh7 37. Rf6 Rh2 38. f4 exf4+ 39. Kxf4
Rxb2 40. Rb6 Rf2+ 41. Ke5 Re2 42. Kd4 Rg2 43. e5 Rxg5 44. Rb7 Rg4+ 45. Kc5 Kg6
46. Kd6 Rd4 47. Kc5 Rd1 48. Ra7 Bf1 49. e6 fxe6 50. dxe6 Kf6 51. e7 Kf7 52. Kb4
Rc1 53. Kb3 Rc6 54. Kb4 Bh3 0-1

[Event "Maikop University"]
[Site "Maikop"]
[Date "1998.06.03"]
[Round "3"]
[White "Dokutchaev A"]
[Black "Tunik Gennady"]
[Result "1/2-1/2"]
[WhiteElo "2425"]
[BlackElo "2470"]
[PlyCount "27"]
[EventDate "1998.06.01"]

1. Nf3 Nf6 2. c4 b6 3. g3 c5 4. Bg2 Bb7 5. O-O e6 6. Nc3 Be7 7. Re1 d6 8. e4 a6
9. d4 cxd4 10. Nxd4 Qc7 11. Be3 O-O 12. Rc1 Nbd7 13. f4 Rfe8 14. Bf2 1/2-1/2

[Event "Maikop University"]
[Site "Maikop"]
[Date "1998.06.03"]
[Round "3"]
[White "Iljushin Alexei"]
[Black "Shabanov Yuri"]
[Result "1/2-1/2"]
[WhiteElo "2460"]
[BlackElo "2495"]
[PlyCount "112"]
[EventDate "1998.06.01"]

1. d4 d5 2. c4 c6 3. Nf3 Nf6 4. cxd5 cxd5 5. Nc3 Nc6 6. Bf4 a6 7. e3 Bg4 8. Be2
e6 9. O-O Bd6 10. Bxd6 Qxd6 11. h3 Bxf3 12. Bxf3 O-O 13. Qe2 Rac8 14. Rad1 Rfd8
15. Rfe1 b5 16. a3 Ne7 17. Qd3 Rc7 18. Rd2 Qb6 19. Bd1 Nf5 20. Ne2 Rdc8 21. Rc2
Nd6 22. Ng3 a5 23. Ree2 Nc4 24. Nf1 g6 25. Nd2 a4 26. f3 b4 27. axb4 Qxb4 28.
Nxc4 Rxc4 29. Kh2 Ne8 30. Qa3 Qb8+ 31. Kg1 Qg3 32. Rc3 e5 33. Bxa4 exd4 34.
exd4 Nd6 35. Re5 Nf5 36. Rxc4 dxc4 37. Qc3 Rd8 38. Re8+ Rxe8 39. Bxe8 Qf4 40.
Bb5 Nxd4 41. Bxc4 h5 42. b4 Qe5 43. Kf2 h4 44. Qe3 Qxe3+ 45. Kxe3 Nc2+ 46. Kf4
Nxb4 47. Kg5 Kg7 48. Kxh4 f6 49. Kg4 g5 50. Kf5 Nc6 51. Ke4 Ne7 52. Be6 Ng6 53.
g3 Ne5 54. Bb3 Ng6 55. Kf5 Ne7+ 56. Ke6 Nc6 1/2-1/2

[Event "Maikop University"]
[Site "Maikop"]
[Date "1998.06.03"]
[Round "3"]
[White "Zarubin Pavel"]
[Black "Dmitriev Igor"]
[Result "1-0"]
[WhiteElo "2445"]
[BlackElo "2405"]
[PlyCount "109"]
[EventDate "1998.06.01"]

1. d4 d6 2. e4 a6 3. Bd3 e5 4. c3 c5 5. Nf3 exd4 6. cxd4 Bg4 7. d5 Nd7 8. a4
Ne7 9. a5 Ng6 10. Be2 Bxf3 11. Bxf3 Be7 12. O-O O-O 13. g3 Bf6 14. Bg2 Qc7 15.
Qc2 Rac8 16. Bd2 h5 17. Bc3 Nge5 18. Nd2 h4 19. Bh3 Rce8 20. Kg2 Re7 21. f4 Ng6
22. Bg4 Bxc3 23. bxc3 Nf6 24. Bf3 Rfe8 25. Qd3 Qd7 26. Rfe1 Ng4 27. Nc4 Nh6 28.
Re3 Kh8 29. Rb1 f5 30. exf5 Nxf5 31. Rxe7 Ngxe7 32. Re1 Rf8 33. Re6 Qb5 34. Qe2
hxg3 35. hxg3 Rf6 36. Rxf6 gxf6 37. Kf2 Qd7 38. Qf1 Nh6 39. Qh1 Kg7 40. Qh5 Ng6
41. Be2 Ne7 42. Ne3 Qc8 43. Bf1 Qd7 44. Bd3 Qa4 45. Nc4 Qd7 46. Kf3 Nf7 47. Nb6
Qd8 48. Qg4+ Kf8 49. Nd7+ Ke8 50. Nxf6+ Kf8 51. Qe6 Kg7 52. Nd7 c4 53. Be4 Qxa5
54. Qxe7 Qxc3+ 55. Kg4 1-0

[Event "Maikop University"]
[Site "Maikop"]
[Date "1998.06.03"]
[Round "3"]
[White "Rodin Mihail"]
[Black "Petrushin Alexander I"]
[Result "1/2-1/2"]
[WhiteElo "2390"]
[BlackElo "2425"]
[PlyCount "55"]
[EventDate "1998.06.01"]

1. e4 e5 2. Nf3 Nc6 3. Nc3 Nf6 4. d4 exd4 5. Nxd4 Bb4 6. Nxc6 bxc6 7. Bd3 d5 8.
exd5 cxd5 9. O-O O-O 10. Bg5 c6 11. Qf3 h6 12. Bf4 Bd6 13. h3 Rb8 14. b3 Rb4
15. Bxd6 Qxd6 16. Rfe1 Be6 17. Rad1 Re8 18. Ne2 Bd7 19. c3 Rbb8 20. b4 Re5 21.
Nd4 Rbe8 22. Rxe5 Rxe5 23. Nb3 Kf8 24. Nc5 Bc8 25. Bf1 Bf5 26. Bd3 Bc8 27. Bf1
Bf5 28. Bd3 1/2-1/2

[Event "Maikop University"]
[Site "Maikop"]
[Date "1998.06.03"]
[Round "3"]
[White "Bratchenko Alexander"]
[Black "Karavaev Vladimir"]
[Result "1/2-1/2"]
[WhiteElo "2355"]
[BlackElo "2380"]
[PlyCount "103"]
[EventDate "1998.06.01"]

1. d4 d5 2. c4 dxc4 3. e4 Nc6 4. Be3 Nf6 5. f3 e5 6. d5 Ne7 7. Bxc4 c6 8. d6
Ng6 9. Qb3 Qd7 10. Nc3 Bxd6 11. O-O-O O-O 12. Bc5 Ne8 13. Qb4 Bxc5 14. Qxc5 Qe7
15. Qxe7 Nxe7 16. a4 Nc7 17. Nge2 a5 18. Rd6 Re8 19. Kc2 Be6 20. Bxe6 Nxe6 21.
Rhd1 Rad8 22. Rxd8 Rxd8 23. Rxd8+ Nxd8 24. Nd1 Ne6 25. Ne3 b5 26. Nc3 Nd4+ 27.
Kd3 Nc8 28. Ng4 f6 29. f4 b4 30. Nd1 Ne6 31. fxe5 h5 32. Nge3 Nb6 33. exf6 Nxa4
34. Nc4 Nac5+ 35. Ke3 a4 36. Ne5 a3 37. bxa3 bxa3 38. Nc3 Ng5 39. fxg7 Ngxe4
40. Na2 Nd6 41. Nxc6 Kxg7 42. Ncb4 Kf6 43. Nc3 Ke5 44. Nc6+ Kf6 45. Nb4 Nf5+
46. Kf4 Ne6+ 47. Ke4 Nfd4 48. Nbd5+ Kf7 49. Ne3 h4 50. Ke5 Nc6+ 51. Kd5 Nb4+
52. Kc4 1/2-1/2

[Event "Maikop University"]
[Site "Maikop"]
[Date "1998.06.03"]
[Round "3"]
[White "Ulibin Mikhail"]
[Black "Malaniuk Vladimir P"]
[Result "1/2-1/2"]
[WhiteElo "2575"]
[BlackElo "2600"]
[PlyCount "70"]
[EventDate "1998.06.01"]

1. e4 e5 2. Nf3 Nc6 3. Bb5 a6 4. Ba4 Nf6 5. O-O b5 6. Bb3 Bb7 7. c3 h6 8. d4 d6
9. Re1 g6 10. Nbd2 Bg7 11. Nf1 O-O 12. Ng3 Re8 13. a4 Na5 14. Bc2 c5 15. dxe5
dxe5 16. Qxd8 Rexd8 17. axb5 axb5 18. Nxe5 c4 19. Nf3 Nc6 20. Rxa8 Rxa8 21. e5
Nd7 22. e6 fxe6 23. Ne4 Nde5 24. Nxe5 Nxe5 25. f4 Nd3 26. Bxd3 cxd3 27. Nc5 b4
28. Nxb7 bxc3 29. bxc3 Bxc3 30. Rd1 Ra1 31. Kf2 Bb2 32. Rxd3 Bxc1 33. Kf3 Ra4
34. g3 Ba3 35. Nd6 Bxd6 1/2-1/2

[Event "Maikop University"]
[Site "Maikop"]
[Date "1998.06.03"]
[Round "3"]
[White "Fedorov Alexei"]
[Black "Rashkovsky Nukhim N"]
[Result "1-0"]
[WhiteElo "2595"]
[BlackElo "2505"]
[PlyCount "70"]
[EventDate "1998.06.01"]

1. e4 c5 2. Nf3 d6 3. d4 cxd4 4. Nxd4 Nf6 5. Nc3 a6 6. Rg1 e5 7. Nb3 Be6 8. g4
h6 9. h4 d5 10. g5 hxg5 11. hxg5 Nxe4 12. Nxe4 dxe4 13. Qxd8+ Kxd8 14. Bg2 Kc7
15. Be3 Nd7 16. Bxe4 Rh4 17. Bg2 Nb6 18. O-O-O Nc4 19. Bc5 Re8 20. Bxf8 Rxf8
21. Nc5 Bc8 22. Rge1 b6 23. Nd3 f6 24. b3 Nd6 25. f4 Rh2 26. fxe5 fxe5 27. Rd2
e4 28. Bxe4 Rxd2 29. Kxd2 Re8 30. Bg6 Rxe1 31. Nxe1 Bf5 32. Bxf5 Nxf5 33. Kd3
Kd6 34. Nf3 Ke6 35. c4 a5 1-0

[Event "Maikop University"]
[Site "Maikop"]
[Date "1998.06.03"]
[Round "3"]
[White "Vaulin Alexander"]
[Black "Galkin Alexander"]
[Result "1/2-1/2"]
[WhiteElo "2535"]
[BlackElo "2565"]
[PlyCount "27"]
[EventDate "1998.06.01"]

1. Nf3 Nf6 2. g3 g6 3. Bg2 Bg7 4. c4 c6 5. d4 d5 6. cxd5 cxd5 7. Ne5 O-O 8. Nc3
Nc6 9. O-O Bf5 10. Nxc6 bxc6 11. Bf4 Nd7 12. Qd2 e5 13. dxe5 Nxe5 14. b3
1/2-1/2

[Event "Maikop University"]
[Site "Maikop"]
[Date "1998.06.03"]
[Round "3"]
[White "Tregubov Pavel V"]
[Black "Shariyazdanov Andrey"]
[Result "1/2-1/2"]
[WhiteElo "2560"]
[BlackElo "2495"]
[PlyCount "34"]
[EventDate "1998.06.01"]

1. Nf3 c5 2. g3 Nc6 3. c4 g6 4. Bg2 Bg7 5. O-O e6 6. Nc3 Nge7 7. d3 O-O 8. Bd2
b6 9. a3 d5 10. Rb1 dxc4 11. dxc4 Bb7 12. Qc2 Nf5 13. e3 Nd6 14. Nb5 Nxb5 15.
cxb5 Ne7 16. Bc3 Bxc3 17. bxc3 Qc7 1/2-1/2

[Event "Maikop University"]
[Site "Maikop"]
[Date "1998.06.03"]
[Round "3"]
[White "Totsky Leonid"]
[Black "Beshukov Sergei"]
[Result "0-1"]
[WhiteElo "2490"]
[BlackElo "2405"]
[PlyCount "78"]
[EventDate "1998.06.01"]

1. e4 c5 2. Nf3 e6 3. d3 Nc6 4. g3 g6 5. Bg2 Bg7 6. O-O Nge7 7. c3 O-O 8. Na3
e5 9. Nc4 d6 10. a4 h6 11. Be3 Be6 12. Qd2 Kh7 13. b4 f5 14. exf5 Nxf5 15. bxc5
d5 16. Nd6 Nxd6 17. cxd6 Qxd6 18. Rab1 b6 19. Ne1 Rac8 20. Nc2 Na5 21. d4 Nc4
22. Qe2 e4 23. Rfc1 Qd7 24. Ra1 Bg4 25. Qf1 Rf7 26. h3 Bf3 27. Ne1 Bxg2 28.
Qxg2 Na5 29. Ra2 Rc4 30. f3 exf3 31. Nxf3 Rxa4 32. Rxa4 Qxa4 33. Ne5 Bxe5 34.
Qxd5 Qc4 35. Qxe5 Nb3 36. Rd1 Qxc3 37. Qe4 Qc7 38. Kg2 Re7 39. Qf3 Na5 0-1

[Event "Maikop University"]
[Site "Maikop"]
[Date "1998.06.03"]
[Round "3"]
[White "Poluljahov Aleksandr"]
[Black "Glyanets A"]
[Result "1-0"]
[WhiteElo "2505"]
[BlackElo "2455"]
[PlyCount "65"]
[EventDate "1998.06.01"]

1. d4 d6 2. e4 Nf6 3. Bd3 e5 4. c3 Nc6 5. Nf3 Be7 6. O-O O-O 7. h3 exd4 8. cxd4
Nb4 9. Nc3 Nxd3 10. Qxd3 c5 11. Re1 a6 12. a4 b6 13. Bf4 Bb7 14. Rad1 Re8 15.
Qc2 Qc8 16. d5 Bf8 17. e5 dxe5 18. Bxe5 Nd7 19. Bg3 h6 20. Rxe8 Qxe8 21. Bc7
Qc8 22. d6 Bc6 23. Nh4 Qb7 24. Rd3 Re8 25. Rg3 b5 26. axb5 axb5 27. Nf5 Kh8 28.
Nxh6 gxh6 29. Qf5 Bg7 30. Qxf7 Rg8 31. Bd8 Ne5 32. Qh5 Qd7 33. Bf6 1-0

[Event "Maikop University"]
[Site "Maikop"]
[Date "1998.06.03"]
[Round "3"]
[White "Rublevsky Sergei"]
[Black "Svidler Peter"]
[Result "1/2-1/2"]
[WhiteElo "2665"]
[BlackElo "2690"]
[PlyCount "64"]
[EventDate "1998.06.01"]

1. e4 e5 2. Nf3 Nc6 3. d4 exd4 4. Nxd4 Bc5 5. Be3 Qf6 6. c3 Nge7 7. Bc4 Ne5 8.
Be2 Qg6 9. O-O d6 10. Kh1 Qxe4 11. Nd2 Qg6 12. Nb5 O-O 13. Nxc7 Rb8 14. Nc4
Nxc4 15. Bxc4 Bxe3 16. fxe3 Bf5 17. Nd5 Rbe8 18. Nf4 Qh6 19. Qf3 Nc6 20. Bd5
Ne5 21. Qg3 Bc8 22. Rad1 Kh8 23. Bb3 Ng4 24. Nd5 Be6 25. Nc7 Nxe3 26. Nxe8 Rxe8
27. Qxd6 Qg6 28. Qg3 Nxf1 29. Qxg6 hxg6 30. Bxe6 Rxe6 31. Rxf1 Re2 32. Kg1 Rxb2
1/2-1/2

[Event "Maikop University"]
[Site "Maikop"]
[Date "1998.06.03"]
[Round "3"]
[White "Khalifman Alexander"]
[Black "Dreev Alexey"]
[Result "1/2-1/2"]
[WhiteElo "2660"]
[BlackElo "2630"]
[PlyCount "47"]
[EventDate "1998.06.01"]

1. e4 c6 2. d4 d5 3. e5 Bf5 4. Nf3 e6 5. Be2 c5 6. Be3 cxd4 7. Nxd4 Ne7 8. c4
Nbc6 9. Qa4 dxc4 10. Na3 Qd7 11. Nxc4 Nd5 12. Nxf5 Bb4+ 13. Kf1 exf5 14. Rd1
Nxe3+ 15. Nxe3 Qe6 16. Bc4 Qg6 17. Bb5 f4 18. Nc4 Be7 19. Nd6+ Kf8 20. Bxc6
bxc6 21. Qxc6 Rd8 22. Qc4 h5 23. Qxf4 h4 24. f3 1/2-1/2

[Event "Maikop University"]
[Site "Maikop"]
[Date "1998.06.03"]
[Round "3"]
[White "Ibragimov Ildar"]
[Black "Epishin Vladimir"]
[Result "1/2-1/2"]
[WhiteElo "2590"]
[BlackElo "2590"]
[PlyCount "45"]
[EventDate "1998.06.01"]

1. Nf3 Nf6 2. c4 e6 3. Nc3 Bb4 4. Qc2 O-O 5. a3 Bxc3 6. Qxc3 b6 7. g3 Bb7 8.
Bg2 d6 9. O-O Nbd7 10. d3 Re8 11. b4 c5 12. Bb2 a6 13. a4 e5 14. Qd2 cxb4 15.
Qxb4 Nc5 16. a5 bxa5 17. Qxa5 Qxa5 18. Rxa5 e4 19. dxe4 Nfxe4 20. Rd1 Rab8 21.
Bd4 Bc8 22. Bxc5 dxc5 23. Ra3 1/2-1/2

[Event "Maikop University"]
[Site "Maikop"]
[Date "1998.06.03"]
[Round "3"]
[White "Ivanov Sergey"]
[Black "Kharlov Andrei"]
[Result "0-1"]
[WhiteElo "2570"]
[BlackElo "2560"]
[PlyCount "70"]
[EventDate "1998.06.01"]

1. d4 d5 2. Nf3 e6 3. c4 dxc4 4. Qa4+ c6 5. Qxc4 Nf6 6. Bg5 b5 7. Qc2 Bb7 8.
Bxf6 gxf6 9. e3 Nd7 10. Be2 a6 11. a4 b4 12. Nbd2 c5 13. O-O Rc8 14. Nc4 cxd4
15. Nxd4 Ne5 16. b3 Rg8 17. f3 f5 18. Rf2 f4 19. Qd2 Nxc4 20. Bxc4 Bc5 21. Rd1
Qd6 22. Qd3 Rd8 23. Rff1 fxe3 24. Ne2 Qxd3 25. Bxd3 f5 26. g3 Rg7 27. Bc4 Rd2
28. Rxd2 exd2+ 29. Kg2 e5 30. Rd1 Be3 31. Be6 f4 32. Bf5 Rc7 33. gxf4 exf4 34.
Be4 Bxe4 35. fxe4 Rc1 0-1

[Event "Maikop University"]
[Site "Maikop"]
[Date "1998.06.03"]
[Round "3"]
[White "Yandemirov Valeri"]
[Black "Solozhenkin Evgeniy"]
[Result "1/2-1/2"]
[WhiteElo "2545"]
[BlackElo "2500"]
[PlyCount "65"]
[EventDate "1998.06.01"]

1. e4 e5 2. Nf3 Nc6 3. Bb5 a6 4. Bxc6 dxc6 5. Nc3 f6 6. d4 exd4 7. Nxd4 c5 8.
Nde2 Qxd1+ 9. Nxd1 Be6 10. Bf4 O-O-O 11. Ne3 Ne7 12. Rd1 Rxd1+ 13. Kxd1 g5 14.
Bg3 f5 15. Be5 Rg8 16. Nc3 g4 17. Ncd5 Bxd5 18. Nxd5 fxe4 19. Nxe7+ Bxe7 20.
Ke2 Bg5 21. h3 Rd8 22. Bc3 gxh3 23. Rxh3 h6 24. Rg3 b5 25. Rg4 b4 26. Be1 Bc1
27. b3 Rd4 28. c3 bxc3 29. Bxc3 Rd3 30. Be1 Rd4 31. Bc3 Rd3 32. Ba5 Rd4 33. Bc3
1/2-1/2

[Event "Maikop University"]
[Site "Maikop"]
[Date "1998.06.03"]
[Round "3"]
[White "Loginov Valery A"]
[Black "Hasangatin Ramil"]
[Result "1/2-1/2"]
[WhiteElo "2500"]
[BlackElo "2460"]
[PlyCount "84"]
[EventDate "1998.06.01"]

1. Nf3 Nf6 2. g3 g6 3. c4 c6 4. Bg2 Bg7 5. O-O O-O 6. d4 d5 7. Qb3 Qb6 8. Nc3
Bf5 9. h3 dxc4 10. Qxc4 Na6 11. Ng5 Qb4 12. Qxb4 Nxb4 13. e4 Bc8 14. Rd1 Rd8
15. Rb1 Ne8 16. Nf3 Nc2 17. Bg5 Nxd4 18. Bxe7 Nxf3+ 19. Bxf3 Rxd1+ 20. Rxd1
Bxh3 21. g4 Bf6 22. Rd7 Bxe7 23. Rxe7 Nf6 24. Rxb7 Nxg4 25. Bd1 Ne5 26. Bb3 g5
27. Re7 Be6 28. Bxe6 Kf8 29. Rc7 fxe6 30. Rxh7 Nf7 31. Kf1 Rb8 32. b3 c5 33.
Ke2 Kg8 34. Rh1 c4 35. Rb1 cxb3 36. Rxb3 Rxb3 37. axb3 Ne5 38. Nb5 a5 39. Nd6
Kf8 40. Nb7 Nc6 41. Ke3 Ke7 42. f4 gxf4+ 1/2-1/2

[Event "Maikop University"]
[Site "Maikop"]
[Date "1998.06.04"]
[Round "4"]
[White "Malaniuk Vladimir P"]
[Black "Rublevsky Sergei"]
[Result "1/2-1/2"]
[WhiteElo "2600"]
[BlackElo "2665"]
[PlyCount "39"]
[EventDate "1998.06.01"]

1. d4 d5 2. c4 dxc4 3. e3 e6 4. Bxc4 c5 5. Nf3 a6 6. O-O Nf6 7. dxc5 Qxd1 8.
Rxd1 Bxc5 9. Nbd2 b6 10. Be2 Bb7 11. Nb3 Be7 12. Nfd4 Nc6 13. Bf3 O-O-O 14. Bd2
Nxd4 15. Rac1+ Nc6 16. Bxc6 Bxc6 17. Rxc6+ Kb7 18. Rc2 Ne4 19. Rdc1 Rc8 20. f3
1/2-1/2

[Event "Maikop University"]
[Site "Maikop"]
[Date "1998.06.04"]
[Round "4"]
[White "Kharlov Andrei"]
[Black "Korneev Oleg"]
[Result "1/2-1/2"]
[WhiteElo "2560"]
[BlackElo "2560"]
[PlyCount "32"]
[EventDate "1998.06.01"]

1. d4 d5 2. c4 e6 3. Nc3 Be7 4. cxd5 exd5 5. Bf4 Nf6 6. e3 O-O 7. Nf3 Bf5 8.
Qb3 Nc6 9. a3 Na5 10. Qd1 c6 11. Ne5 Nd7 12. Be2 Nxe5 13. Bxe5 Nc4 14. Bxc4
dxc4 15. e4 Bg6 16. O-O b5 1/2-1/2

[Event "Maikop University"]
[Site "Maikop"]
[Date "1998.06.04"]
[Round "4"]
[White "Tregubov Pavel V"]
[Black "Yandemirov Valeri"]
[Result "1-0"]
[WhiteElo "2560"]
[BlackElo "2545"]
[PlyCount "171"]
[EventDate "1998.06.01"]

1. d4 Nf6 2. c4 g6 3. g3 c6 4. Bg2 d5 5. cxd5 cxd5 6. Nc3 Bg7 7. Nf3 O-O 8. O-O
Ne4 9. Ne5 Nxc3 10. bxc3 Nc6 11. Nxc6 bxc6 12. Ba3 Ba6 13. Re1 Re8 14. e4 e6
15. h4 Bc4 16. e5 Rb8 17. Qd2 Bf8 18. Bxf8 Rxf8 19. Bf1 Bxf1 20. Kxf1 c5 21. h5
Qa5 22. dxc5 Qxc5 23. Kg2 Rfc8 24. Qf4 gxh5 25. Qg5+ Kf8 26. Qxh5 Qxc3 27. Qxh7
Qc2 28. Qh8+ Ke7 29. Qh4+ Kf8 30. Re3 Qg6 31. Rf3 Qg7 32. Qa4 Qxe5 33. Qd7 Qg7
34. Qxe6 Kg8 35. Qxd5 Rd8 36. Qf5 Rb2 37. Rc1 Rxa2 38. Rc7 Rf8 39. Rf4 Ra6 40.
Rg4 Rg6 41. Rxf7 Rxg4 42. Rxf8+ Qxf8 43. Qxg4+ Kh7 44. Qd7+ Kh8 45. Qxa7 Qf5
46. Qa8+ Kh7 47. Qf3 Qe5 48. g4 Qe7 49. Qf5+ Kg7 50. Kg3 Qd6+ 51. f4 Qd2 52.
Qe5+ Kh7 53. Qe4+ Kg7 54. g5 Qd1 55. Qe7+ Kg8 56. Qe3 Qd5 57. Kg4 Kf7 58. Qa7+
Kg6 59. Qb6+ Kg7 60. Qc7+ Kg8 61. Kh5 Qd3 62. Qc8+ Kf7 63. Qb7+ Kg8 64. Kg4
Qd1+ 65. Kf5 Qc2+ 66. Qe4 Qc5+ 67. Qe5 Qf8+ 68. Qf6 Qc5+ 69. Kg6 Qc2+ 70. f5
Qc7 71. Qe6+ Kf8 72. Qd5 Qg7+ 73. Kh5 Qh7+ 74. Kg4 Qe7 75. Qa8+ Kf7 76. g6+ Kg7
77. Qa1+ Kg8 78. Qa2+ Kg7 79. Qb2+ Kg8 80. Qb3+ Kg7 81. Qc3+ Kg8 82. Qc4+ Kg7
83. Kh5 Kh8 84. Qc8+ Kg7 85. Qe6 Qf8 86. f6+ 1-0

[Event "Maikop University"]
[Site "Maikop"]
[Date "1998.06.04"]
[Round "4"]
[White "Zakharevich Igor"]
[Black "Ulibin Mikhail"]
[Result "1/2-1/2"]
[WhiteElo "2530"]
[BlackElo "2575"]
[PlyCount "40"]
[EventDate "1998.06.01"]

1. d4 e6 2. c4 f5 3. g3 Nf6 4. Bg2 c6 5. Nf3 d5 6. O-O Bd6 7. Qc2 O-O 8. b3 Qe7
9. Ne5 Ne4 10. Bb2 b6 11. Nd2 Bb7 12. Nxe4 fxe4 13. f3 c5 14. dxc5 Bxe5 15.
Bxe5 Qxc5+ 16. Kh1 Nd7 17. Qb2 Nxe5 18. Qxe5 Rae8 19. Rac1 Rf5 20. Qb2 exf3
1/2-1/2